000 00473nab a22001457 4500
003 ES-SlBCS
005 20210327224319.0
008 201211s2020 sp ||||| |||| 00| 0 spa d
040 _aES-SlBCS
_bspa
041 _aspa
100 1 _aArulampalam, Stephen
_9121110
245 1 0 _aVivir juntos en la casa de Dios desde la perspectiva de la persona discapacitada
_cStephen Arulampalam
773 0 _gNúm. 388, 2020, págs. 87-98
_tConcilium
_wRev134
_x0210-1041
942 _2lcc
_cAR
999 _c490798
_d490798